Throughput estimation with regard to airtime consumption unfairness in mixed data rate wi-fi networks

Analytické modely kvantifikujúce nespravodlivosť v spotrebe vysielacieho času a odhadnutý výkon bezdrôtových sietí závislý na počte užívateľov a dátovej intenzity. Overenie teoretických východísk experimentom a praktickým meraním a interpretácia výsledkov.

Uložené v:
Podrobná bibliografia
Hlavný autor: Abdul-Hadi, Alaa Mohamed
Ďalší autori: Tarasyuk, Olga, Gorbenko, Anatoliy, Kharchenko, Vyacheslav, Hollstein, Thomas
Médium: Kapitola
Jazyk:English
Predmet:
Tagy: Pridať tag
Žiadne tagy, Buďte prvý, kto otaguje tento záznam!

MARC

LEADER 00000naa a2200000 4500
001 0184139
005 20220715120610.7
041 0 |a eng 
044 |a SK 
245 1 0 |a Throughput estimation with regard to airtime consumption unfairness in mixed data rate wi-fi networks  |c Alaa Mohamed Abdul-Hadi, Olga Tarasyuk, Anatoliy Gorbenko, Vyacheslav Kharchenko, Thomas Hollstein 
520 |a Analytické modely kvantifikujúce nespravodlivosť v spotrebe vysielacieho času a odhadnutý výkon bezdrôtových sietí závislý na počte užívateľov a dátovej intenzity. Overenie teoretických východísk experimentom a praktickým meraním a interpretácia výsledkov. 
610 2 0 |a výkonnosť 
610 2 0 |a dáta 
610 2 0 |a informácie vedecké 
610 2 0 |a informatika aplikovaná 
100 1 |a Abdul-Hadi, Alaa Mohamed 
700 1 |a Tarasyuk, Olga 
700 1 |a Gorbenko, Anatoliy 
700 1 |a Kharchenko, Vyacheslav 
700 1 |a Hollstein, Thomas